000 00629nam a2200217 a 4500
001 64567
003 BD-RjUL
005 20211209081325.0
008 170216s1950 le abc 001 0 eng d
035 _a(BD-RjUL)64697
040 _aREB
_cREB
_dBD-RjUL
_beng
041 _aeng
082 _223
_a956.9
_bHAF 1950
100 1 _aḤaddad, George
_d1910-
_9191508
245 1 0 _aFifty years of modern Syria and Lebanon /
_cGeorge Haddad
260 _aBeirut :
_bPrinted at Dar-al-Hayat,
_c1950
300 _axvi, 264 p. :
_bill. ;
_c24 cm.
651 0 _aSyria
_xHistory
_9191509
651 0 _aLebanon
_xHistory
_9191510
942 _2ddc
_cBK
999 _c64567
_d64567